| 000 | 01540cam a22003977i 4500 | ||
|---|---|---|---|
| 005 | 20230607121736.0 | ||
| 008 | 210726t20202020nyua 001 0 eng d | ||
| 010 | _a 2021287272 | ||
| 020 |
_a9781617297717 _q(paperback) |
||
| 035 | _a(OCoLC)on1236793316 | ||
| 040 |
_aMLSOD _beng _cMLSOD _erda _dBDX _dUUC _dOCLCO _dJRZ _dNYP _dOCLCF _dDLC |
||
| 042 | _alccopycat | ||
| 082 | 0 | 4 |
_a006.31 _223 _bSHU-M |
| 100 | 1 | _aShukla,Nishant | |
| 245 | 1 | 0 |
_aMachine Learning with TensorFlow / _cChris Mattmann ; foreword by Scott Penberthy. |
| 260 |
_aIndia _bManning _c2017 |
||
| 264 | 1 |
_aShelter Island, NY : _bManning Publications Co., _c[2020] |
|
| 264 | 4 | _c©2020 | |
| 300 |
_axxix, 240 pages : _billustrations ; _c24 cm |
||
| 336 |
_atext _btxt _2rdacontent |
||
| 337 |
_aunmediated _bn _2rdamedia |
||
| 338 |
_avolume _bnc _2rdacarrier |
||
| 500 | _aIncludes index. | ||
| 650 | 0 | _aMachine learning. | |
| 650 | 0 | _aData mining. | |
| 650 | 0 | _aComputer algorithms. | |
| 650 | 0 | _aProgramming languages (Electronic computers) | |
| 650 | 7 |
_aComputer algorithms. _2fast _0(OCoLC)fst00872010 |
|
| 650 | 7 |
_aData mining. _2fast _0(OCoLC)fst00887946 |
|
| 650 | 7 |
_aMachine learning. _2fast _0(OCoLC)fst01004795 |
|
| 650 | 7 |
_aProgramming languages (Electronic computers) _2fast _0(OCoLC)fst01078704 |
|
| 700 | 1 | _aPenberthy, Scott, | |
| 906 |
_a7 _bcbc _ccopycat _d2 _encip _f20 _gy-gencatlg |
||
| 999 |
_c18632 _d18632 |
||